000 00745nam a2200229Ii 4500
003 JO-AjNU
005 20240504103024.0
008 230605s9999||||xx |||||||||||||| ||und||
040 _aJO-AjNU
_bara
_erda
_cJO-AjNU
041 _aara
050 1 4 _aPJ7700.W3.A17 1998
100 3 _aجمعه وحققه وشرحه الصمد، واضح,
_eauthor
_946058
245 0 0 _aديوان الوليد بن يزيد
250 _aط1
264 3 1 _aبيروت:دار صادر،1998
300 _a190ص
_bفهرس:ص(171-178)
336 _atext
_btxt
_2rdacontent
337 _aunmediated
_bn
_2rdamedia
338 _avolume
_bnc
_2rdacarrier
650 4 _a الشعر العربي - تاريخ ونقد - العصر الأموي
_946059
942 _2lcc
_cBK
999 _c23578
_d23578